000 00655cam a2200145 4500500
005 20260208020651.0
041 _afre
042 _adc
100 1 0 _aJouanny, Sylvie
_eauthor
245 0 0 _aFRANK LESTRINGANT, JOSIANE RIEU, ALEXANDRE TARRÊTE, Littérature française du XVIe siècle. Presses Universitaires de France, 2000. Un vol. 21,5 × 15 cm de 503 p., ISBN 2-13-048223 6.
260 _c2004.
500 _a80
786 0 _nRevue d'histoire littéraire de la France | 104 | 1 | 2004-02-01 | p. 209a-238a | 0035-2411
856 4 1 _uhttps://shs.cairn.info/revue-d-histoire-litteraire-de-la-france-2004-1-page-209a?lang=fr&redirect-ssocas=7080
999 _c1661066
_d1661066